01004nam a2200265 a 4500001001000000003000900010005001700019007000300036008004100039020001500080040002500095082002200120100002800142245012100170260003600291300003700327500005100364500007300415504003200488650003800520650003600558650004300594651004900637710005200686000004776DO-SdBNP20250205124808.0ta090727s1997 dr a 001 0 spa d a8492184515 aDO-SdBNPbspacBNPHU 4a307.76bL925u2221 aLozano, Wilfredod1950-13aLa urbanización de la pobreza :burbanización, trabajo y desigualdad social en Santo Domingo /cWilfredo Lozano. aSanto Domingo :bFLASCO,c1997. a291 p. :bilustracines ;c23 cm. aIncluye índice de cuadros, diagramas y mapas aIncluye referencias bibliográficas y notas al pie de las páginas aBibliografía : p. 265-282 4aUrbanizaciónxAspectos sociales 4aPobrezazRepública Dominicana 4aUrbanizaciónzRepública Dominicana 4aRepública DominicanaxCondiciones sociales2 aFacultad Latinoaméricana de Ciencias Sociales